Государственно-частное партнерство: российская практика; Вестник науки Сибири; № 2 (8)
| Parent link: | Вестник науки Сибири: электронный научный журнал/ Томский политехнический университет (ТПУ).— , 2011-.— 2226-0064 № 2 (8).— 2013.— [С. 104-109] |
|---|---|
| Autore principale: | |
| Riassunto: | Заглавие с титульного листа Рассматриваются основные определения "государственно-частного партнерства" в рамках российской практики и российского законодательства. Представлены примеры реализации проектов в регионах России, и показаны приоритетные направления развития данных проектов. Сделаны выводы о перспективе развития государственно-частного партнерства в России. |
| Lingua: | russo |
| Pubblicazione: |
2013
|
| Serie: | Экономика и менеджмент |
| Soggetti: | |
| Accesso online: | http://earchive.tpu.ru/handle/11683/16408 |
| Natura: | Elettronico Capitolo di libro |
| KOHA link: | https://koha.lib.tpu.ru/cgi-bin/koha/opac-detail.pl?biblionumber=517789 |
MARC
| LEADER | 00000naa2a2200000 4500 | ||
|---|---|---|---|
| 001 | 517789 | ||
| 005 | 20231228110913.0 | ||
| 035 | |a (RuTPU)RU\TPU\prd\196014 | ||
| 035 | |a RU\TPU\prd\196013 | ||
| 090 | |a 517789 | ||
| 100 | |a 20130920d2013 k y0rusy50 ca | ||
| 101 | 0 | |a rus | |
| 102 | |a RU | ||
| 135 | |a drnn ---uucaa | ||
| 181 | 0 | |a i | |
| 182 | 0 | |a b | |
| 200 | 1 | |a Государственно-частное партнерство: российская практика |f Н. В. Шаповалова | |
| 203 | |a Текст |c электронный | ||
| 215 | |a 1 файл (334 Кб) | ||
| 225 | 1 | |a Экономика и менеджмент | |
| 300 | |a Заглавие с титульного листа | ||
| 320 | |a [Библиогр.: с. 109 (9 назв.)] | ||
| 330 | |a Рассматриваются основные определения "государственно-частного партнерства" в рамках российской практики и российского законодательства. Представлены примеры реализации проектов в регионах России, и показаны приоритетные направления развития данных проектов. Сделаны выводы о перспективе развития государственно-частного партнерства в России. | ||
| 337 | |a Adobe Reader | ||
| 461 | 1 | |0 (RuTPU)RU\TPU\prd\143680 |x 2226-0064 |t Вестник науки Сибири |o электронный научный журнал |f Томский политехнический университет (ТПУ) |d 2011- | |
| 463 | 1 | |0 (RuTPU)RU\TPU\prd\195836 |t № 2 (8) |v [С. 104-109] |d 2013 | |
| 610 | 1 | |a государственно-частное партнерство | |
| 610 | 1 | |a власть | |
| 610 | 1 | |a бизнес | |
| 610 | 1 | |a частный сектор | |
| 610 | 1 | |a взаимодействие | |
| 610 | 1 | |a Россия | |
| 610 | 1 | |a труды учёных ТПУ | |
| 610 | 1 | |a электронный ресурс | |
| 700 | 1 | |a Шаповалова |b Н. В. |c экономист |c старший преподаватель Томского политехнического университета, ассистент |f 1980- |g Наталья Владимировна |3 (RuTPU)RU\TPU\pers\30890 |9 15135 | |
| 801 | 1 | |a RU |b 63413507 |c 20090623 |g PSBO | |
| 801 | 2 | |a RU |b 63413507 |c 20180115 |g PSBO | |
| 856 | 4 | |u http://earchive.tpu.ru/handle/11683/16408 | |
| 942 | |c BK | ||